KOHA-Header-6

بہادر شاہ ظفر (Record no. 13500)

000 -LEADER
fixed length control field 00352nam a22001217a 4500
082 ## - DEWEY DECIMAL CLASSIFICATION NUMBER
Classification number 891.551
100 ## - MAIN ENTRY--AUTHOR NAME
Personal name سردار احمد خان
245 ## - TITLE STATEMENT
Title بہادر شاہ ظفر
Remainder of title شخصیت، فکر، اور فن
260 ## - PUBLICATION, DISTRIBUTION, ETC. (IMPRINT)
Place of publication کراچی
Name of publisher علمی ورثہ
Year of publication ٢٠٠١
300 ## - PHYSICAL DESCRIPTION
Number of Pages صفحات ٣١٥
650 ## - SUBJECT ADDED ENTRY--TOPICAL TERM
Topical Term History, Muslim, India
942 ## - ADDED ENTRY ELEMENTS (KOHA)
Koha item type Books
Holdings
Withdrawn status Lost status Collection code Permanent Location Current Location Shelving location Date acquired Full call number Accession Number Koha item type
    Urdu Literature MAJU MAJU Shelf No.A10 2022-11-30 891.551 10601 Books

Powered by Koha